|
|
|
|
| LEADER |
00000nab a2200000uu 4500 |
| 001 |
vtls011451565 |
| 003 |
SK-MaSNL |
| 005 |
20260304003222.0 |
| 008 |
230222|2001 xo |||||||||||||||||eng| |
| 015 |
|
|
|a SNBRB
|
| 035 |
|
|
|a (urnnbn)urn:nbn:sk:snk:ar-006lnl
|
| 035 |
|
|
|a (uuid)9624e10e-ba1f-41a8-9850-63c6c12d62e9
|
| 035 |
|
|
|a urn:nbn:sk:snk-abcnhw
|
| 040 |
|
|
|a SNKBUCL
|b slo
|c SNKBUCL
|e AACR2
|
| 041 |
0 |
|
|a eng
|
| 044 |
|
|
|a xo
|c SK
|
| 100 |
1 |
|
|a Šimko, Juraj,
|d 1970-
|4 aut
|9 251616
|
| 245 |
1 |
0 |
|a LINEAR AND R-LINEAR BETWEENNESS SPACES
|c Juraj Šimko
|
| 773 |
0 |
|
|t Mathematica Slovaca
|g Roč. 51, č. 4 (2001), s. 365-370
|
| 958 |
|
|
|a OND
|
| 958 |
|
|
|a EUIPO
|
| 958 |
|
|
|a article16
|
| 999 |
|
|
|c 2546292
|d 2548222
|